[Event "4NCL Online Division 6"]
[Site "online"]
[Date "2020.09.08"]
[Round "2.161"]
[White "Doyle, Jamie"]
[Black "Lampard, Alice"]
[Result "0-1"]
[WhiteElo "1667"]
[BlackElo "2005"]
[PlyCount "74"]
[EventDate "2020.09.08"]
[WhiteTeam "Wessex Some Stars E"]
[BlackTeam "Wells Globetrotters"]

1. e4 c5 2. Nf3 Nc6 3. Bc4 g6 4. Nc3 Bg7 5. O-O d6 6. d3 e5 7. Ng5 Nh6 8. h3
Nd4 9. f4 f6 10. Nf3 Ne6 11. fxe5 dxe5 12. Bxh6 Bxh6 13. Nh2 Nf4 14. Ng4 Bg7
15. Nd5 Qd6 16. Nxf4 exf4 17. Qf3 g5 18. Rae1 Be6 19. e5 fxe5 20. Qxb7 O-O 21.
Bxe6+ Qxe6 22. b3 h5 23. Nf2 g4 24. hxg4 hxg4 25. Ne4 g3 26. Ng5 Qf5 27. Qd5+
Kh8 28. Ne6 Qh5 29. Rf3 Rfe8 30. Qb7 Bf6 31. Nxc5 Rab8 32. Qc6 Rb6 33. Qe4 Rc8
34. Nd7 Qh2+ 35. Kf1 Qh1+ 36. Ke2 Qxg2+ 37. Kd1 Qxc2# 0-1

[Event "4NCL Online Division 6"]
[Site "online"]
[Date "2020.09.08"]
[Round "2.162"]
[White "Strong, Chris M"]
[Black "Sandy, Paul"]
[Result "1-0"]
[WhiteElo "1795"]
[BlackElo "1622"]
[PlyCount "45"]
[EventDate "2020.09.08"]
[WhiteTeam "Wells Globetrotters"]
[BlackTeam "Wessex Some Stars E"]

1. e4 e5 2. Nf3 d6 3. Nc3 c6 4. d4 exd4 5. Nxd4 Nf6 6. Be3 Nbd7 7. f3 Ne5 8.
Qd2 h6 9. O-O-O Be7 10. Be2 Nfd7 11. Nf5 Bf8 12. Nxd6+ Bxd6 13. Qxd6 f6 14. f4
Nf7 15. Bh5 Qe7 16. e5 fxe5 17. fxe5 Ndxe5 18. Bc5 Qg5+ 19. Kb1 g6 20. Bxg6
Nxg6 21. Rhe1+ Nge5 22. Qc7 Qf5 23. Qe7# 1-0

[Event "4NCL Online Division 6"]
[Site "online"]
[Date "2020.09.08"]
[Round "2.163"]
[White "Deacon, Matthew"]
[Black "Goatcher, Matthew W"]
[Result "0-1"]
[WhiteElo "1607"]
[BlackElo "1675"]
[PlyCount "166"]
[EventDate "2020.09.08"]
[WhiteTeam "Wessex Some Stars E"]
[BlackTeam "Wells Globetrotters"]

1. d4 Nf6 2. c4 g6 3. Nc3 d6 4. e4 Bg7 5. Nf3 O-O 6. Bd3 Nc6 7. d5 Nb4 8. Be2
c5 9. a3 Na6 10. Rb1 Ne8 11. Qc2 e5 12. O-O f5 13. b4 fxe4 14. Nxe4 Bf5 15. Bd3
Nf6 16. Bg5 Qd7 17. Nxf6+ Bxf6 18. Bxf6 Rxf6 19. Nd2 Bxd3 20. Qxd3 b6 21. Ne4
Rf4 22. Rb2 Raf8 23. bxc5 Nxc5 24. Nxc5 bxc5 25. Rfb1 Qa4 26. Qh3 Rd4 27. g3
Rd1+ 28. Rxd1 Qxd1+ 29. Qf1 Qd4 30. Rb7 Rf7 31. Rb8+ Kg7 32. Rd8 e4 33. Re8 Rf3
34. Qe1 Qxc4 35. Rxe4 Qxd5 36. Re7+ Kf6 37. Rxa7 Qe5 38. Qd1 Rf5 39. Ra6 Ke6
40. Ra8 Rf7 41. Qb3+ Qd5 42. Qe3+ Qe5 43. Qb3+ Qd5 44. Qe3+ Qe5 45. Re8+ Re7
46. Qb3+ d5 47. Qb6+ Qd6 48. Rxe7+ Kxe7 49. Qa7+ Kf6 50. Qxh7 c4 51. Qh8+ Kg5
52. h4+ Kf5 53. Qd4 Qe5 54. g4+ Kf6 55. Qb6+ Qe6 56. Qd8+ Ke5 57. Qb8+ Ke4 58.
Qg3 d4 59. f3+ Kd5 60. Qf2 Qe3 61. h5 gxh5 62. gxh5 c3 63. Kf1 Qxf2+ 64. Kxf2
c2 65. h6 c1=Q 66. h7 Qh6 67. Ke2 Qxh7 68. f4 d3+ 69. Kd2 Kd4 70. a4 Qf5 71. a5
Qxf4+ 72. Kd1 Qe5 73. Kc1 Qxa5 74. Kb2 Qc3+ 75. Kb1 Qc2+ 76. Ka1 Qe2 77. Kb1 d2
78. Kb2 d1=Q+ 79. Ka3 Qdd3+ 80. Kb4 Qb5+ 81. Ka3 Qed3+ 82. Ka2 Qdb3+ 83. Ka1
Qb2# 0-1

[Event "4NCL Online Division 6"]
[Site "online"]
[Date "2020.09.08"]
[Round "2.164"]
[White "Johnson, RN Phil"]
[Black "Harris, John E"]
[Result "1-0"]
[WhiteElo "1622"]
[BlackElo "1592"]
[PlyCount "109"]
[EventDate "2020.09.08"]
[WhiteTeam "Wells Globetrotters"]
[BlackTeam "Wessex Some Stars E"]

1. d4 d5 2. c3 Bf5 3. Qb3 b6 4. Bf4 e6 5. Nf3 Bd6 6. Bg5 Ne7 7. e3 O-O 8. Nh4
h6 9. Nxf5 hxg5 10. Nxd6 Qxd6 11. Nd2 Nbc6 12. g3 a5 13. Bg2 Rab8 14. f4 gxf4
15. exf4 Nf5 16. O-O Ne3 17. Rfe1 Nxg2 18. Kxg2 Ne7 19. Nf1 Nf5 20. Ne3 Nxe3+
21. Rxe3 c5 22. Rae1 cxd4 23. cxd4 Rbc8 24. Re5 Rc4 25. Qd3 Qb4 26. b3 Rc3 27.
Qd1 Rfc8 28. Qg4 Qxd4 29. Rg5 g6 30. Rxe6 R3c6 31. Rgxg6+ fxg6 32. Qxg6+ Qg7
33. Rxc6 Rxc6 34. Qxc6 Qd4 35. Qe8+ Kh7 36. Qe2 Kg8 37. h4 Kf7 38. Kh3 Qf6 39.
Qd3 d4 40. Kg4 Ke6 41. Kf3 Kd6 42. g4 Kc5 43. Qf5+ Qxf5 44. gxf5 Kb4 45. f6 d3
46. f7 d2 47. f8=Q+ Kc3 48. Ke2 Kc2 49. Qc8+ Kb2 50. Kxd2 Kxa2 51. Qb7 Kxb3 52.
Qxb6+ Kc4 53. Qxa5 Kd4 54. Qg5 Ke4 55. f5 1-0

[Event "4NCL Online Division 6"]
[Site "online"]
[Date "2020.09.08"]
[Round "2.171"]
[White "Newton, Ben"]
[Black "Lynch, Mark"]
[Result "1-0"]
[WhiteElo "1682"]
[BlackElo "1480"]
[PlyCount "69"]
[EventDate "2020.09.08"]
[WhiteTeam "Ashton 2"]
[BlackTeam "Hertford 3"]

1. e4 c6 2. d4 d5 3. exd5 cxd5 4. c4 Nf6 5. Nc3 e6 6. Nf3 Nc6 7. Bg5 Be7 8. Be2
O-O 9. O-O h6 10. Bf4 a6 11. Re1 Nh5 12. Be3 Nf6 13. cxd5 Nxd5 14. Nxd5 Qxd5
15. Bd3 b5 16. Bf4 Bf6 17. Be4 Qd7 18. Rc1 Bb7 19. Bxc6 Bxc6 20. Ne5 Bxe5 21.
Bxe5 Qd5 22. Qg4 f6 23. Bf4 f5 24. Qg3 Rf7 25. Bxh6 Bb7 26. Red1 Qxa2 27. Bf4
Qd5 28. Be5 Qe4 29. Re1 Qd5 30. Rc5 Qa2 31. h3 Qxb2 32. Rec1 Qd2 33. Rc7 Raf8
34. Bxg7 Rxc7 35. Bh6+ 1-0

[Event "4NCL Online Division 6"]
[Site "online"]
[Date "2020.09.08"]
[Round "2.172"]
[White "Humeniuk, Michael"]
[Black "Custy, Alicia"]
[Result "1-0"]
[WhiteElo "1435"]
[BlackElo "1217"]
[PlyCount "111"]
[EventDate "2020.09.08"]
[WhiteTeam "Hertford 3"]
[BlackTeam "Ashton 2"]

1. e4 e5 2. f4 d5 3. exd5 exf4 4. Nf3 Qxd5 5. d4 Qe6+ 6. Qe2 Qxe2+ 7. Bxe2 Bd6
8. O-O Nc6 9. c4 Nb4 10. Na3 b6 11. Ne1 Bb7 12. Nb5 Nf6 13. Nxd6+ cxd6 14. a3
Nc6 15. Nf3 O-O 16. Bxf4 Rfe8 17. Rae1 d5 18. c5 bxc5 19. dxc5 d4 20. Bd3 Rad8
21. b4 Nd5 22. Bd2 Ne3 23. Rf2 h6 24. Rfe2 Rd7 25. Bxe3 dxe3 26. Rxe3 Rxe3 27.
Rxe3 Rd8 28. Kf2 g6 29. Bc4 Nb8 30. Kg3 Nd7 31. Rd3 a6 32. Ne5 Bc8 33. Bxf7+
Kg7 34. Be6 Kf6 35. Bxd7 Kxe5 36. c6 Kf6 37. Rd6+ Ke7 38. Re6+ Kf7 39. Bxc8
Rxc8 40. Rd6 h5 41. a4 g5 42. b5 axb5 43. axb5 h4+ 44. Kg4 h3 45. g3 Ke7 46.
Rh6 Kf7 47. Kxg5 Rg8+ 48. Kf5 Rc8 49. Rh7+ Kg8 50. Rd7 Re8 51. b6 Rf8+ 52. Kg6
Re8 53. Rd6 Kf8 54. c7 Ra8 55. Rd8+ Rxd8 56. cxd8=Q# 1-0

[Event "4NCL Online Division 6"]
[Site "online"]
[Date "2020.09.08"]
[Round "2.173"]
[White "Clayton, Caitlin"]
[Black "Kirby, Brian"]
[Result "0-1"]
[WhiteElo "1180"]
[BlackElo "1210"]
[PlyCount "122"]
[EventDate "2020.09.08"]
[WhiteTeam "Ashton 2"]
[BlackTeam "Hertford 3"]

1. e4 e5 2. Nf3 d6 3. Nc3 c6 4. d4 exd4 5. Qxd4 c5 6. Qa4+ Bd7 7. Bb5 a6 8.
Bxd7+ Qxd7 9. Qxd7+ Nxd7 10. O-O h6 11. Nd5 Ngf6 12. Nc7+ Kd8 13. Nxa8 Be7 14.
Bd2 Kc8 15. Ba5 Bd8 16. Bxd8 Rxd8 17. Nd2 Kb8 18. Nb6 Nxb6 19. Rfd1 Re8 20. Nf3
Nc4 21. Nd2 Nxb2 22. Rdb1 Na4 23. Nc4 Nc3 24. Rb3 Ncxe4 25. Na5 b5 26. Nc6+ Kc7
27. Na5 Ng4 28. a4 b4 29. f3 Nd2 30. Rd3 Nxf3+ 31. gxf3 Ne5 32. Re1 Re6 33. Nc4
Nxd3 34. Rd1 Re1+ 35. Rxe1 Nxe1 36. Kf1 Nxf3 37. Ne3 Nd2+ 38. Ke2 Ne4 39. Nd5+
Kd7 40. Nb6+ Kc6 41. Nc8 g5 42. Na7+ Kb6 43. Nc8+ Kc7 44. Ne7 Nc3+ 45. Kd2 Nxa4
46. Nd5+ Kc6 47. Ne7+ Kd7 48. Nd5 a5 49. Nf6+ Ke6 50. Ne8 c4 51. Nc7+ Ke5 52.
Nb5 d5 53. c3 f5 54. cxb4 axb4 55. Kc2 f4 56. Nc7 f3 57. Kd2 Ke4 58. Ne6 c3+
59. Ke1 c2 60. Kd2 b3 61. Nxg5+ hxg5 0-1

[Event "4NCL Online Division 6"]
[Site "online"]
[Date "2020.09.08"]
[Round "2.181"]
[White "Shen, Alex"]
[Black "Albu, Gheorghe"]
[Result "0-1"]
[WhiteElo "1630"]
[BlackElo "2132"]
[PlyCount "72"]
[EventDate "2020.09.08"]
[WhiteTeam "MCS Oxford B"]
[BlackTeam "Braunstone"]

1. e4 e5 2. Nf3 Nc6 3. d4 exd4 4. Nxd4 Nf6 5. Nxc6 bxc6 6. e5 Qe7 7. Qe2 Nd5 8.
c4 Nb6 9. Nc3 g6 10. Ne4 Bg7 11. Nf6+ Bxf6 12. exf6 Qxe2+ 13. Bxe2 d5 14. b3
Be6 15. cxd5 cxd5 16. O-O c5 17. Bb5+ Kd8 18. Bh6 Kc7 19. Rac1 c4 20. bxc4 dxc4
21. Ba6 Rhd8 22. Bf4+ Kc6 23. Rfe1 Rd3 24. h3 Ra3 25. Bxc4 Bxc4 26. Be3 Kb5 27.
Rc2 Nd5 28. Rb1+ Nb4 29. Rcb2 a5 30. Rd1 Rxa2 31. Rbb1 Rc2 32. Rd6 Ra6 33. Rd8
Rxf6 34. Rb8+ Ka4 35. Bc5 Ba2 36. Ra1 Rxc5 0-1

[Event "4NCL Online Division 6"]
[Site "online"]
[Date "2020.09.08"]
[Round "2.182"]
[White "Bray, David"]
[Black "Hamid, Adam"]
[Result "1-0"]
[WhiteElo "2042"]
[BlackElo "1585"]
[PlyCount "80"]
[EventDate "2020.09.08"]
[WhiteTeam "Braunstone"]
[BlackTeam "MCS Oxford B"]

1. Nf3 d5 2. d4 Nf6 3. g3 Bf5 4. c4 c6 5. Bg2 e6 6. O-O Nbd7 7. cxd5 cxd5 8.
Nc3 Be7 9. Qb3 b6 10. Bf4 O-O 11. Rac1 Rc8 12. Nb5 a6 13. Rxc8 Qxc8 14. Rc1 Qb7
15. Rc7 Qa8 16. Nd6 Bxd6 17. Bxd6 Rc8 18. Qc3 Rxc7 19. Qxc7 Qe8 20. Ne5 Nxe5
21. dxe5 Nd7 22. b4 Bb1 23. a3 Ba2 24. e4 h6 25. exd5 exd5 26. Bh3 Nf8 27. Qxb6
Ng6 28. Qxa6 Nxe5 29. Bxe5 Qxe5 30. Qc8+ Kh7 31. Qf5+ Qxf5 32. Bxf5+ g6 33. Bd3
Bb3 34. b5 Ba4 35. b6 Bc6 36. a4 Kg8 37. a5 Kf8 38. a6 Ke8 39. b7 Bxb7 40. axb7
Kd7 1-0

[Event "4NCL Online Division 6"]
[Site "online"]
[Date "2020.09.08"]
[Round "2.183"]
[White "Li, Reya"]
[Black "Bingham, James T"]
[Result "0-1"]
[WhiteElo "1510"]
[BlackElo "1810"]
[PlyCount "150"]
[EventDate "2020.09.08"]
[WhiteTeam "MCS Oxford B"]
[BlackTeam "Braunstone"]

1. e4 c5 2. Nf3 d6 3. c3 Nf6 4. Be2 e6 5. O-O Be7 6. Bb5+ Nc6 7. Re1 Qc7 8. d4
O-O 9. Bf4 Nh5 10. Bg3 Nxg3 11. hxg3 a6 12. Ba4 b5 13. Bc2 c4 14. Kh2 e5 15. d5
Nd8 16. Rh1 Bg4 17. Kg1 Nb7 18. Nbd2 Nc5 19. Qe1 g6 20. Qe3 f6 21. Qh6 Rf7 22.
Nh4 Bf8 23. Qe3 Bg7 24. f3 Bd7 25. Kf2 Raf8 26. Qe1 f5 27. Qg1 fxe4 28. Nxe4
Nxe4+ 29. Bxe4 Bf5 30. Bxf5 gxf5 31. Qh2 Rf6 32. Nxf5 Bh8 33. Nh6+ Kg7 34. Nf5+
Kg8 35. Nh6+ Kg7 36. Ng4 Kg8 37. Nxf6+ Bxf6 38. Qh6 Rf7 39. g4 Qe7 40. Rh5 Rg7
41. Rf5 Bg5 42. Qe6+ Qxe6 43. dxe6 Be7 44. Rh1 Bf8 45. Rf7 Be7 46. Rxg7+ Kxg7
47. Ke3 d5 48. Rd1 Bc5+ 49. Ke2 d4 50. Kd2 d3 51. Re1 Kf6 52. Rh1 Kg6 53. g5
Be7 54. Re1 Bxg5+ 55. Kd1 Kf6 56. g3 Ke7 57. Rh1 h6 58. Re1 Bf6 59. f4 Kxe6 60.
fxe5 Bxe5 61. Rh1 Bg7 62. Re1+ Kd6 63. g4 Be5 64. Rf1 a5 65. Rf8 Kc5 66. Rf5
Kd6 67. Rh5 b4 68. Rxh6+ Kd5 69. Kd2 Bf4+ 70. Kd1 Bxh6 71. cxb4 axb4 72. a3
bxa3 73. bxa3 c3 74. a4 Kc5 75. a5 Kb5 0-1

[Event "4NCL Online Division 6"]
[Site "online"]
[Date "2020.09.08"]
[Round "2.191"]
[White "Gardner, Phillip K"]
[Black "Holmes, Nick D"]
[Result "1-0"]
[WhiteElo "1862"]
[BlackElo "1540"]
[PlyCount "55"]
[EventDate "2020.09.08"]
[WhiteTeam "Deaf England"]
[BlackTeam "Shropshire 5"]

1. e4 c5 2. c3 Nc6 3. d4 cxd4 4. cxd4 d5 5. e5 e6 6. Nf3 f6 7. exf6 Nxf6 8. Nc3
Bb4 9. Bd3 O-O 10. O-O Bxc3 11. bxc3 Qc7 12. Bd2 e5 13. dxe5 Nxe5 14. Nxe5 Qxe5
15. h3 Kh8 16. Qc2 Ne4 17. Rae1 Bf5 18. f3 Qg3 19. fxe4 Bxh3 20. Bc1 Rae8 21.
Rxf8+ Rxf8 22. Rf1 Rxf1+ 23. Bxf1 h6 24. exd5 Bd7 25. c4 h5 26. Qf2 Qc3 27. Bb2
Qa5 28. Qf8+ 1-0

[Event "4NCL Online Division 6"]
[Site "online"]
[Date "2020.09.08"]
[Round "2.192"]
[White "Bonner, Dennis M"]
[Black "MacLeod, Alasdair"]
[Result "0-1"]
[WhiteElo "1480"]
[BlackElo "1832"]
[PlyCount "182"]
[EventDate "2020.09.08"]
[WhiteTeam "Shropshire 5"]
[BlackTeam "Deaf England"]

1. d4 Nf6 2. Bf4 d5 3. e3 c5 4. c3 Nc6 5. Nd2 e6 6. Ngf3 Be7 7. h3 O-O 8. Bd3
h6 9. O-O c4 10. Bc2 Bd6 11. Ne5 Qc7 12. Ndf3 Nd7 13. Nxd7 Bxd7 14. Bxd6 Qxd6
15. a4 a5 16. b3 cxb3 17. Bxb3 Rfc8 18. Nd2 Be8 19. f4 Ne7 20. Rc1 Nf5 21. Qf3
Bc6 22. g4 Ne7 23. Qf2 Qd7 24. Nf3 Bxa4 25. Ne5 Qe8 26. Bxa4 Qxa4 27. f5 exf5
28. gxf5 f6 29. Ng6 Nxg6 30. fxg6 Re8 31. Qf3 Qc4 32. Rfe1 Re4 33. Qf5 Rae8 34.
Qd7 R4e7 35. Qd6 Qc6 36. Qf4 Re4 37. Qg3 Qe6 38. Kh2 Rxe3 39. Rxe3 Qxe3 40.
Qxe3 Rxe3 41. Rb1 Re7 42. Rb5 Rd7 43. Rxa5 Kf8 44. Rc5 Ke7 45. Kg3 f5 46. Kf4
Kf6 47. Rb5 Kxg6 48. Rb6+ Kf7 49. Kxf5 Re7 50. Rb5 g6+ 51. Kf4 Rc7 52. Rxd5
Rxc3 53. Rd7+ Ke6 54. Rxb7 Rxh3 55. Rb6+ Kf7 56. Kg4 Rd3 57. Rb7+ Ke8 58. Rb8+
Kd7 59. Rb4 Kc6 60. Kh4 Kd5 61. Rb6 Rxd4+ 62. Kg3 g5 63. Rxh6 Ke5 64. Rh5 Kf5
65. Kf3 Rd3+ 66. Kg2 Kg4 67. Rh7 Rd2+ 68. Kf1 Kg3 69. Rg7 g4 70. Ke1 Ra2 71.
Kf1 Ra4 72. Ke2 Kg2 73. Rxg4+ Rxg4 74. Ke3 Kg3 75. Kd3 Kf3 76. Kd2 Re4 77. Kd3
Kf4 78. Kc3 Ke3 79. Kc2 Rd4 80. Kc3 Ke4 81. Kc2 Rd3 82. Kb2 Kd4 83. Kc2 Kc4 84.
Kb2 Rh3 85. Kc2 Rh2+ 86. Kd1 Kd3 87. Ke1 Ra2 88. Kf1 Ke3 89. Kg1 Kf3 90. Kh1
Kg3 91. Kg1 Ra1# 0-1

[Event "4NCL Online Division 6"]
[Site "online"]
[Date "2020.09.08"]
[Round "2.193"]
[White "Dwek, Ilan G"]
[Black "Jones, Andrew"]
[Result "1-0"]
[WhiteElo "1675"]
[BlackElo "1480"]
[PlyCount "53"]
[EventDate "2020.09.08"]
[WhiteTeam "Deaf England"]
[BlackTeam "Shropshire 5"]

1. e4 c5 2. Nf3 Nc6 3. d4 cxd4 4. Nxd4 d6 5. Be2 Nf6 6. Nc3 a6 7. O-O e6 8. Bg5
Be7 9. a3 O-O 10. Be3 Re8 11. f4 Bd7 12. Qd2 Rc8 13. Rad1 Qc7 14. Nf3 h6 15. h3
b5 16. Bd3 Na5 17. e5 Nd5 18. Nxd5 exd5 19. exd6 Bxd6 20. Kh1 Be6 21. f5 Bd7
22. f6 Re6 23. Nd4 Re5 24. fxg7 Rh5 25. Qe2 Re5 26. Qf3 Nc4 27. Qxf7# 1-0

[Event "4NCL Online Division 6"]
[Site "online"]
[Date "2020.09.08"]
[Round "2.194"]
[White "Casewell, John M"]
[Black "Hunter, Gary"]
[Result "1/2-1/2"]
[WhiteElo "1300"]
[BlackElo "1547"]
[PlyCount "115"]
[EventDate "2020.09.08"]
[WhiteTeam "Shropshire 5"]
[BlackTeam "Deaf England"]

1. c4 e6 2. Nc3 d5 3. cxd5 exd5 4. d4 Nf6 5. g3 c6 6. Bg2 Bf5 7. e3 Be7 8. Nge2
O-O 9. a3 a5 10. b3 Nbd7 11. Bb2 Re8 12. O-O Qc7 13. Rc1 Qb8 14. Na4 Qa7 15.
Nac3 Rac8 16. Kh1 b5 17. Na2 b4 18. a4 Qa6 19. Re1 Ng4 20. Kg1 Bd6 21. Bf1 Bd3
22. Nf4 Bxf1 23. Rxf1 Ngf6 24. Qd3 Qxd3 25. Nxd3 Ne4 26. Rc2 c5 27. dxc5 Nexc5
28. Nxc5 Rxc5 29. Rxc5 Nxc5 30. Nc1 Be5 31. Bxe5 Rxe5 32. Rd1 Kf8 33. Kf1 Ke7
34. Nd3 Nxd3 35. Rxd3 Ke6 36. f4 Rh5 37. Kg2 f5 38. h4 Kd6 39. Rd2 Rh6 40. Rc2
Re6 41. Kf3 Re4 42. Rd2 h5 43. Rd4 Re7 44. Rd3 Rc7 45. Ke2 Rc2+ 46. Rd2 Rc3 47.
Rd3 Rc2+ 48. Rd2 Rc3 49. Rd3 Kc5 50. Kd2 Rxd3+ 51. Kxd3 g6 52. Kc2 d4 53. Kd3
dxe3 54. Kxe3 Kd5 55. Kd3 Kc5 56. Ke3 Kd5 57. Kd3 Kc5 58. Ke3 1/2-1/2

[Event "4NCL Online Division 6"]
[Site "online"]
[Date "2020.09.08"]
[Round "2.201"]
[White "Renshaw, Ian"]
[Black "Trudeau, Gary"]
[Result "0-1"]
[WhiteElo "1525"]
[BlackElo "1780"]
[PlyCount "90"]
[EventDate "2020.09.08"]
[WhiteTeam "Cornish Wreckers"]
[BlackTeam "Calstock Killers"]

1. c4 Nf6 2. Nc3 g6 3. g3 Bg7 4. Bg2 O-O 5. e4 d6 6. d3 c5 7. Nge2 Nc6 8. O-O
Bd7 9. Bd2 a6 10. Qc1 Rb8 11. Bh6 Nb4 12. Bxg7 Kxg7 13. Qd2 b5 14. a3 Nc6 15.
Nd5 e6 16. Nxf6 Qxf6 17. b4 Rfd8 18. bxc5 dxc5 19. f4 bxc4 20. e5 Qe7 21. dxc4
Bc8 22. Qc3 Nd4 23. Nxd4 Rxd4 24. Rab1 Qc7 25. Rb3 Rxb3 26. Qxb3 Bd7 27. Rb1
Bc6 28. Qb6 Rd1+ 29. Bf1 Qxb6 30. Rxb6 Be4 31. Rb3 Ra1 32. h3 Bc2 33. Rc3 Ba4
34. Kf2 Bc6 35. Rd3 Ra2+ 36. Be2 Be4 37. Rc3 f5 38. h4 Kf7 39. Rb3 Ke7 40. Rc3
Kd7 41. Ke3 Ra1 42. g4 Rh1 43. gxf5 gxf5 44. h5 Kc6 45. Rb3 Rh3+ 0-1

[Event "4NCL Online Division 6"]
[Site "online"]
[Date "2020.09.08"]
[Round "2.202"]
[White "Kirkman, Nigel J"]
[Black "Doubleday, Peter"]
[Result "1/2-1/2"]
[WhiteElo "1772"]
[BlackElo "1412"]
[PlyCount "70"]
[EventDate "2020.09.08"]
[WhiteTeam "Calstock Killers"]
[BlackTeam "Cornish Wreckers"]

1. c4 c6 2. g3 d5 3. cxd5 cxd5 4. Nf3 Nf6 5. d4 Bf5 6. Nc3 e6 7. Nh4 Bg6 8.
Nxg6 hxg6 9. Bg2 Nc6 10. Bg5 Qb6 11. O-O Qxd4 12. Qb3 Qb4 13. Nb5 Qxb3 14. axb3
Kd7 15. Bxf6 gxf6 16. e4 d4 17. f4 Bc5 18. f5 gxf5 19. exf5 e5 20. Rac1 Bb6 21.
Rfd1 a6 22. Na3 Rac8 23. Nc4 Ba7 24. h3 b5 25. Nd2 Nb4 26. Ne4 Rxc1 27. Rxc1
Rh6 28. Kh2 Nd5 29. Nc5+ Bxc5 30. Rxc5 Ne3 31. Be4 Rh5 32. Bd3 Ng4+ 33. Kg2
Ne3+ 34. Kh2 Ng4+ 35. Kg2 Ne3+ 1/2-1/2

[Event "4NCL Online Division 6"]
[Site "online"]
[Date "2020.09.08"]
[Round "2.203"]
[White "Evdokimova, Maria"]
[Black "Henderson, Jason"]
[Result "0-1"]
[WhiteElo "1390"]
[BlackElo "1697"]
[PlyCount "80"]
[EventDate "2020.09.08"]
[WhiteTeam "Cornish Wreckers"]
[BlackTeam "Calstock Killers"]

1. d4 e6 2. e3 b6 3. f3 Bb7 4. Bd3 Nf6 5. Nh3 Be7 6. O-O O-O 7. e4 d6 8. c3
Nbd7 9. Qc2 g6 10. Be3 c5 11. e5 dxe5 12. Bc4 exd4 13. Bh6 Re8 14. Ng5 Nd5 15.
Ne4 Ne5 16. cxd4 Nxc4 17. Qxc4 cxd4 18. a3 Rc8 19. Qd3 Bf8 20. Bg5 Be7 21. Bd2
f5 22. Ng3 Bf6 23. Ne2 e5 24. Qb3 Kg7 25. Kf2 Qe7 26. g3 e4 27. Kg1 exf3 28.
Nf4 Ne3 29. Re1 Qd6 30. Bb4 Qd7 31. Bc3 dxc3 32. Nxc3 Bd4 33. Kh1 f2+ 34. Nfd5
fxe1=Q+ 35. Rxe1 Bxc3 36. Rd1 Nxd1 37. Kg2 Bxd5+ 38. Qxd5 Qxd5+ 39. Kh3 g5 40.
g4 Re3# 0-1

[Event "4NCL Online Division 6"]
[Site "online"]
[Date "2020.09.08"]
[Round "2.204"]
[White "Knight, Steven"]
[Black "Brown, Hugh"]
[Result "1-0"]
[WhiteElo "1495"]
[BlackElo "1345"]
[PlyCount "61"]
[EventDate "2020.09.08"]
[WhiteTeam "Calstock Killers"]
[BlackTeam "Cornish Wreckers"]

1. e4 e5 2. f4 exf4 3. Nf3 d6 4. d4 Bg4 5. Bc4 Be6 6. d5 Bg4 7. Bxf4 Nf6 8. Qd3
Nbd7 9. O-O Nc5 10. Qe3 a6 11. a3 Ncxe4 12. Nc3 Be7 13. Nxe4 Bxf3 14. Nxf6+
gxf6 15. Rxf3 Qd7 16. Rg3 b5 17. Bd3 O-O-O 18. Re1 Rhe8 19. Qa7 c5 20. Bf5 Qxf5
21. Rxe7 Rxe7 22. Qa8+ Kc7 23. Qc6+ Kb8 24. Bxd6+ Ka7 25. Bxc5+ Kb8 26. Qb6+
Rb7 27. Qxd8+ Qc8 28. Bd6+ Rc7 29. Bxc7+ Kb7 30. Qxc8+ Kxc8 31. d6 1-0

[Event "4NCL Online Division 6"]
[Site "online"]
[Date "2020.09.08"]
[Round "2.211"]
[White "Sugden, Freddie"]
[Black "Harrison, Peter K"]
[Result "0-1"]
[WhiteElo "1667"]
[BlackElo "1750"]
[PlyCount "82"]
[EventDate "2020.09.08"]
[WhiteTeam "Hackney Hungry"]
[BlackTeam "Oadby & Blaby"]

1. e4 c6 2. d4 d5 3. exd5 cxd5 4. c4 Nc6 5. Nf3 Nf6 6. Nc3 e6 7. c5 h6 8. Bb5
Bd7 9. O-O Be7 10. Bxc6 Bxc6 11. Ne5 Qc8 12. b4 a6 13. a4 O-O 14. Re1 Nd7 15.
Bf4 Nxe5 16. Bxe5 Qd8 17. b5 Bd7 18. Qg4 Bf6 19. f4 Bxe5 20. fxe5 f5 21. Qe2
Qa5 22. Qb2 f4 23. Rab1 f3 24. Rf1 fxg2 25. Kxg2 Qd8 26. Rxf8+ Qxf8 27. Rf1 Qe7
28. bxa6 bxa6 29. Qb7 Qd8 30. c6 Be8 31. c7 Qc8 32. Qb6 Qd7 33. Rb1 Rc8 34.
Qxa6 Qxc7 35. Ne2 Qc2 36. Qxe6+ Bf7 37. Qg4 Re8 38. Rb6 h5 39. Qf3 Bg6 40.
Qxd5+ Kh7 41. Qf3 Be4 0-1

[Event "4NCL Online Division 6"]
[Site "online"]
[Date "2020.09.08"]
[Round "2.212"]
[White "Wylie, Steve"]
[Black "Burgoyne, Peter A"]
[Result "1/2-1/2"]
[WhiteElo "1727"]
[BlackElo "1652"]
[PlyCount "126"]
[EventDate "2020.09.08"]
[WhiteTeam "Oadby & Blaby"]
[BlackTeam "Hackney Hungry"]

1. d4 d5 2. Bf4 Bf5 3. c4 e6 4. Nc3 Nf6 5. Qb3 Bd6 6. Bxd6 cxd6 7. cxd5 exd5 8.
Nxd5 O-O 9. Nxf6+ Qxf6 10. e3 Re8 11. Nf3 Nc6 12. Be2 a5 13. a3 a4 14. Qc3 Na5
15. Nd2 Rec8 16. Qb4 Nb3 17. Nxb3 axb3 18. O-O Bc2 19. Rac1 Qg6 20. Bc4 Be4 21.
f3 Bd3 22. Rfe1 Bxc4 23. Rxc4 Qd3 24. Rxc8+ Rxc8 25. Qxb7 Qc2 26. Re2 Qc1+ 27.
Kf2 Qc4 28. Qb6 d5 29. Qb4 Qxb4 30. axb4 Rc4 31. Ke1 Rxb4 32. Kd1 Rc4 33. Rd2
f5 34. h4 Kf7 35. g4 g6 36. Rd3 Rb4 37. Rc3 f4 38. Kd2 h6 39. Kd3 fxe3 40. Kxe3
Rb7 41. Rc6 Re7+ 42. Kd2 h5 43. g5 Rb7 44. Rc5 Ke6 45. Kc3 Rf7 46. Rc6+ Kd7 47.
Kxb3 Rxf3+ 48. Rc3 Rf4 49. Rd3 Rxh4 50. Kb4 Kd6 51. Kb5 Rg4 52. b4 h4 53. Rh3
Rxd4 54. Ka5 Kc7 55. b5 Kb7 56. Rf3 Rd1 57. Rf7+ Kc8 58. Kb6 Rc1 59. Rh7 Rc4
60. Ka6 Ra4+ 61. Kb6 Rc4 62. Ka6 Ra4+ 63. Kb6 Rc4 1/2-1/2

[Event "4NCL Online Division 6"]
[Site "online"]
[Date "2020.09.08"]
[Round "2.213"]
[White "Jones, Zebedee"]
[Black "Pettitt, David"]
[Result "1-0"]
[WhiteElo "1637"]
[BlackElo "1690"]
[PlyCount "95"]
[EventDate "2020.09.08"]
[WhiteTeam "Hackney Hungry"]
[BlackTeam "Oadby & Blaby"]

1. Nf3 d5 2. g3 Nf6 3. Bg2 Bf5 4. O-O e6 5. c4 c6 6. d4 Nbd7 7. Nc3 Bd6 8. Re1
O-O 9. Nh4 dxc4 10. e4 Bxe4 11. Nxe4 Be7 12. Nc3 Bd6 13. Nf3 Nd5 14. Ne5 N7f6
15. Ne4 Be7 16. f4 Qc7 17. Nxf6+ Bxf6 18. Be4 Rad8 19. Bd2 b5 20. Bxd5 Rxd5 21.
Bc3 a5 22. a3 Qa7 23. Qf3 Qc7 24. Rad1 Rb8 25. Ng4 Be7 26. Re5 g6 27. f5 exf5
28. Ne3 Rd7 29. d5 Bf6 30. Ng4 Bxe5 31. Nxe5 Rxd5 32. Rxd5 cxd5 33. Qxd5 a4 34.
Nd7 Rd8 35. Qd4 f6 36. Qd5+ Kg7 37. Bxf6+ Kh6 38. Bxd8 Qxd8 39. Qxb5 Kg5 40.
Qxa4 Kh6 41. Qb5 Kg5 42. a4 Qe7 43. Ne5 Qa7+ 44. Kf1 Qa8 45. Qc6 Qd8 46. h4+
Kh5 47. Qf3+ Kh6 48. Nf7+ 1-0

[Event "4NCL Online Division 6"]
[Site "online"]
[Date "2020.09.08"]
[Round "2.214"]
[White "Candlin, Don B"]
[Black "McCabe, Gavin"]
[Result "1-0"]
[WhiteElo "1562"]
[BlackElo "1105"]
[PlyCount "57"]
[EventDate "2020.09.08"]
[WhiteTeam "Oadby & Blaby"]
[BlackTeam "Hackney Hungry"]

1. e4 e6 2. Nf3 c5 3. Nc3 Nc6 4. Bb5 Nge7 5. O-O g6 6. d4 Bg7 7. dxc5 O-O 8.
Bd2 b6 9. cxb6 Qxb6 10. a4 Ba6 11. Bxa6 Qxa6 12. Re1 Rab8 13. b3 Rfc8 14. Rb1
Nb4 15. Nb5 Nxc2 16. Re2 f5 17. Bf4 Rb7 18. Rxc2 Rxc2 19. Qxc2 fxe4 20. Qxe4
Nf5 21. Be5 Qb6 22. Bxg7 Kxg7 23. Qe5+ Kf8 24. Rc1 Rb8 25. Qf6+ Kg8 26. Ng5 Rf8
27. Qb2 Ne3 28. h3 Qb7 29. fxe3 1-0

[Event "4NCL Online Division 6"]
[Site "online"]
[Date "2020.09.08"]
[Round "2.221"]
[White "Vaidya, Raghav"]
[Black "Acharya, Kandara"]
[Result "1-0"]
[WhiteElo "1765"]
[BlackElo "1690"]
[PlyCount "61"]
[EventDate "2020.09.08"]
[WhiteTeam "Barnet Knights B"]
[BlackTeam "Ashton 1"]

1. c4 Nf6 2. Nc3 g6 3. g3 Bg7 4. Bg2 O-O 5. d4 c5 6. Nf3 d6 7. h3 Nc6 8. d5 Ne5
9. Nxe5 dxe5 10. O-O Rb8 11. e4 b6 12. Be3 e6 13. f4 Nd7 14. dxe6 fxe6 15. Qd6
Re8 16. f5 exf5 17. exf5 Nf6 18. Qxb8 Qd3 19. Bf2 Qd7 20. Rad1 Qe7 21. Qd6 Bf8
22. Qxe7 Bxe7 23. fxg6 hxg6 24. Nd5 Kg7 25. Nxf6 Bxf6 26. Be3 Be6 27. b3 Rh8
28. Rd6 Re8 29. Bh6+ Kxh6 30. Rxf6 Bf5 31. Rxf5 1-0